[Event "Vienna Silvester op-B"]
[Site "Vienna"]
[Date "2021.12.31"]
[Round "5"]
[White "Kaufmann, Robert"]
[Black "Gerold, Arnold"]
[Result "0-1"]
[WhiteElo "1353"]
[BlackElo "1769"]
[PlyCount "76"]
[EventDate "2021.12.27"]
[EventType "swiss"]
[EventRounds "7"]
[EventCountry "AUT"]
[SourceTitle "EXT 2023"]
[Source "ChessBase"]
[SourceDate "2022.10.05"]
[SourceVersion "1"]
[SourceVersionDate "2022.10.05"]
[SourceQuality "1"]

1. d4 Nf6 2. c4 g6 3. Nc3 d5 4. e3 Bg7 5. Nf3 0-0 6. h3 c5 7. dxc5 Qa5 8. Qb3 Ne4 9. Bd2 Nxd2 10. Nxd2 dxc4 11. Bxc4 Qxc5 12. Nde4 Qh5 13. g4 Qa5 14. Rd1 Nc6 15. a3 Ne5 16. Be2 Be6 17. Qc2 Rac8 18. Qb1 Nc4 19. 0-0 Rc6 20. Qa1 Bxc3 21. Nxc3 Nxa3 22. Nb1 Nc4 23. Qxa5 Nxa5 24. b4 Nc4 25. Bf3 Rb6 26. b5 Rxb5 27. Nc3 Rb2 28. Rfe1 Ne5 29. Bg2 Rc8 30. Ne4 b5 31. Ng5 Bc4 32. Ra1 Rc7 33. Red1 Nd3 34. f4 Kg7 35. Bf3 Nb4 36. f5 Nc2 37. f6+ exf6 38. Ra6 fxg5 0-1